| 000 | 00845nam a22002897a 4500 | ||
|---|---|---|---|
| 001 | 5053 | ||
| 003 | FISKH | ||
| 005 | 20241104090509.0 | ||
| 008 | 241104b cb ||||| |||| 00| 0 eng d | ||
| 020 | _a9780618481439 | ||
| 040 |
_aFISKH _beng _cFISKH _dFISKH |
||
| 082 | _a347 | ||
| 100 |
_aSullivan, Leslie _d(1916-) |
||
| 245 |
_aSave our tree / _cby Leslie Sullivan illustrated by Ronnie Rooney |
||
| 250 | _a2005 | ||
| 260 |
_aBoston : _bHoughton Mifflin, _c2005. |
||
| 300 |
_a8 pages : _bColor illustrations ; _c21 cm |
||
| 505 | _aG | ||
| 520 | _aThe teacher and students are protecting the birds nest from the cutting. | ||
| 521 | 8 |
_a370L
_bLexile |
|
| 521 | 8 |
_aG
_bRaz-Plus |
|
| 650 |
_2Trees _aNature |
||
| 650 |
_2Spring _aEasy reader |
||
| 700 |
_aRooney, Ronnie _dIllustrator |
||
| 942 |
_2ddc _cBK _n0 |
||
| 999 |
_c5053 _d5053 |
||